<?xml version="1.0" encoding="UTF-8"?>
<record
    xmlns:xsi="http://www.w3.org/2001/XMLSchema-instance"
    xsi:schemaLocation="http://www.loc.gov/MARC21/slim http://www.loc.gov/standards/marcxml/schema/MARC21slim.xsd"
    xmlns="http://www.loc.gov/MARC21/slim">

  <leader>00633nam a2200169   4500</leader>
  <controlfield tag="001">2314</controlfield>
  <controlfield tag="005">20181127164926.0</controlfield>
  <datafield tag="020" ind1="0" ind2="0">
    <subfield code="a"></subfield>
  </datafield>
  <datafield tag="090" ind1="0" ind2="0">
    <subfield code="a">336.5498 B2184r 2011</subfield>
  </datafield>
  <datafield tag="245" ind1="0" ind2="0">
    <subfield code="a">Report writing on banking in Bhutan / </subfield>
    <subfield code="b"></subfield>
    <subfield code="c">Chandra Mongar, Dechen Yangchen, Dechen Wangmo, Dechen Zam, Jamyang Tshering, Jigme Choden.</subfield>
    <subfield code="h"></subfield>
  </datafield>
  <datafield tag="250" ind1="0" ind2="0">
    <subfield code="a"></subfield>
  </datafield>
  <datafield tag="260" ind1="0" ind2="0">
    <subfield code="a">[Thimphu] :</subfield>
    <subfield code="b">[Royal Thimphu College],</subfield>
    <subfield code="c">2011.</subfield>
  </datafield>
  <datafield tag="300" ind1="0" ind2="0">
    <subfield code="a">13 leaves.</subfield>
  </datafield>
  <datafield tag="500" ind1=" " ind2=" ">
    <subfield code="a">Student research project for BCOM 504: Financial market in  Bhutan (Fall 2011); Bodhisattwa Choudhury, lecturer. </subfield>
  </datafield>
  <datafield tag="500" ind1="0" ind2="0">
    <subfield code="a">Spiral-bound xerographic copy.</subfield>
  </datafield>
  <datafield tag="650" ind1="0" ind2="0">
    <subfield code="a">Banks and banking --Bhutan.</subfield>
    <subfield code="x"></subfield>
  </datafield>
  <datafield tag="999" ind1=" " ind2=" ">
    <subfield code="c">1842</subfield>
    <subfield code="d">1842</subfield>
  </datafield>
  <datafield tag="952" ind1=" " ind2=" ">
    <subfield code="0">0</subfield>
    <subfield code="1">0</subfield>
    <subfield code="4">0</subfield>
    <subfield code="7">0</subfield>
    <subfield code="8">STORAGE</subfield>
    <subfield code="a">RTCLIB</subfield>
    <subfield code="b">RTCLIB</subfield>
    <subfield code="c">STORAGE</subfield>
    <subfield code="h"> </subfield>
    <subfield code="i">4818</subfield>
    <subfield code="l">0</subfield>
    <subfield code="o">336.5498 B2184r 2011STORAGE</subfield>
    <subfield code="p">30006159</subfield>
    <subfield code="r">2018-11-27 00:00:00</subfield>
    <subfield code="w">2018-11-27</subfield>
    <subfield code="y">STORAGE</subfield>
  </datafield>
</record>
